Género, pobreza y empleo en los países del cono sur: interrelaciones y estado de situación

Shranjeno v:
Bibliografske podrobnosti
Glavni avtor: Marinakis, Andrés E. (autor)
Format: Knjiga
Jezik:španščina
Izdano: Santiago OIT 1999
Teme:
Oznake: Označite
Brez oznak, prvi označite!

MARC

LEADER 00000nam a2200000 a 4500
001 UCO6242
003 CL-VaPUC
008 001020e19990000CL |||||||||||||||||spa|d
082 0 4 |a 331  |b MAR  |2 21 
100 |a Marinakis, Andrés E.  |e autor  |9 451008 
245 1 0 |a Género, pobreza y empleo en los países del cono sur: interrelaciones y estado de situación 
300 |a 26 h 
942 |c BK 
945 |d 20001020 00:00:00  |a rbrito 
260 |a Santiago  |b OIT  |c 1999 
650 0 |a Trabajo  |9 313876 
650 7 |a ECONOMIA DEL TRABAJO  |2 CL-VaPUC  |9 320317 
650 0 |a Empleo  |9 339124 
650 7 |a MERCADO DEL TRABAJO  |2 CL-VaPUC  |9 341787 
650 0 |a Pobreza  |9 258652 
651 0 |a América Latina   |9 255027 
583 |a last modification  |c 20001020 00:00:00  |k Rodrigo Vera 
999 |c 291900  |d 291898 
952 |0 0  |1 0  |4 0  |6 331_000000000000000_MAR_1999  |7 0  |8 A  |9 342209  |a BIBGIM  |b BIBGIM  |d 2019-11-20  |i 3591700  |o 331 MAR 1999  |p 3591700  |r 2025-01-15  |w 2019-11-20  |y BK  |k GIM